Capitulo XV de los instrumentos que necessita y conviene tenga el medidor y la noticia que ha menester varias medidas que se usan en las ciudades. (Record no. 8298)
[ view plain ]
| 000 -CABECERA | |
|---|---|
| campo de control de longitud fija | 00867nam a2200241 a 4500 |
| 001 - NÚMERO DE CONTROL | |
| campo de control | BRCA_8638 |
| 005 - FECHA Y HORA DE LA ÚLTIMA TRANSACCIÓN | |
| campo de control | 20190320210343.0 |
| 008 - DATOS DE LONGITUD FIJA--INFORMACIÓN GENERAL | |
| campo de control de longitud fija | 230916s1800----mx-#######---#000-0#spa-# |
| 041 ## - CÓDIGO DE LENGUA | |
| Código de lengua del texto/banda sonora o título independiente | spa |
| 044 ## - CÓDIGO DEL PAÍS DE LA ENTIDAD EDITORA/PRODUCTORA | |
| Código MARC del país | mx |
| 245 10 - MENCIÓN DE TÍTULO | |
| Título | Capitulo XV de los instrumentos que necessita y conviene tenga el medidor y la noticia que ha menester varias medidas que se usan en las ciudades. |
| 260 ## - PUBLICACIÓN, DISTRIBUCIÓN, ETC. | |
| Lugar de publicación, distribución, etc. | [s.l.] |
| Nombre del editor, distribuidor, etc. | [s.i.] |
| Fecha de publicación, distribución, etc. | 18--? |
| 300 ## - DESCRIPCIÓN FÍSICA | |
| Extensión | 154 p. |
| Dimensiones | 31 cm |
| 500 ## - NOTA GENERAL | |
| Nota general | Fondo antiguo |
| 500 ## - NOTA GENERAL | |
| Nota general | Se encuentra en Caja Fuerte |
| 500 ## - NOTA GENERAL | |
| Nota general | D-127? |
| 500 ## - NOTA GENERAL | |
| Nota general | Incluye 13 planos con figuras |
| 500 ## - NOTA GENERAL | |
| Nota general | Incluye el tratado segundo de las medidas de minas |
| 500 ## - NOTA GENERAL | |
| Nota general | Nota de encuadernación: se conserva en carpeta de piel de becerro |
| 506 0# - NOTA DE RESTRICCIONES AL ACCESO | |
| Limitaciones de acceso | Fondo reservado: para su consulta es necesario credencial de usuario y carta de motivos |
| 902 ## - CATALOGADOR | |
| Iniciales | LAR |
| 942 ## - ELEMENTOS DE PUNTO DE ACCESO ADICIONAL (KOHA) | |
| Fuente del sistema de clasificación o colocación | Library of Congress Classification |
| Tipo de ítem Koha | Libros |
| Estado de retiro | Estado de pérdida | Estado dañado | No para préstamo | Localización permanente | Ubicación/localización actual | Fecha de adquisición | Número de inventario | Total de préstamos | Signatura topográfica completa | Código de barras | Fecha visto por última vez | Precio válido a partir de | Tipo de ítem Koha |
|---|---|---|---|---|---|---|---|---|---|---|---|---|---|
| El ejemplar forma parte de la colección y puede ser consultado según las políticas vigentes. | Biblioteca del Museo Franz Mayer (Rogerio Casas-Alatriste) | Biblioteca del Museo Franz Mayer (Rogerio Casas-Alatriste) | 23/09/2016 | D-127? | (D-127?) | LAR00144 | 22/03/2019 | 22/03/2019 | Libros |